000 00740 a2200193 4500
020 _a978-1-84628-173-0
040 _aDLC
_bDLC
082 _a621.381548
100 1 _aGrout, Ian A.
245 1 0 _aIntegrated Circuit Test Engineering: Modern Techniques
_h[electronic resource]
_bModern Techniques
_cby Ian A. Grout.
260 _aLondon :
_bSpringer-Verlag London Limited,
_c2006.
300 _bv.: digital
650 0 _aComputer hardware
650 0 _aComputer system performance
710 2 _aSpringerLink (Online service)
856 4 0 _uhttp://www.lub.lu.se/cgi-bin/ipchk/http://dx.doi.org/10.1007/1-84628-173-3
856 4 0 _uhttp://ezproxy.its.uu.se/login?url=http://dx.doi.org/10.1007/1-84628-173-3
942 _cBK
_k621.381548 GRO
_2ddc
999 _c8106
_d8106